Sant Francesc : poema / Jacinto Verdaguer poema / Jacinto Verdaguer
Descripción Física:
148 p. ; 17 cm
MARC
| LEADER | 00000nam a2200000Ia 4500 | ||
|---|---|---|---|
| 001 | 13226 | ||
| 008 | 160829s9999 xx 000 0 cat d | ||
| 080 | |a L-1-371 | ||
| 100 | 1 | |a Verdaguer, Jacint, |d 1845-1902 |9 28800 | |
| 245 | |a Sant Francesc : |b poema / Jacinto Verdaguer | ||
| 250 | |a Ed. popular | ||
| 260 | |a Barcelona : |b Ilustració Catalana, [s.a.] | ||
| 300 | |a 148 p. ; |c 17 cm | ||
| 490 | |a Obres completes de Mossen Jacinto Verdaguer ; 15 | ||
| 901 | |a Arxiu | ||
| 942 | |n 1 | ||
| 952 | |0 0 |1 0 |4 0 |6 L1371 |7 1 |9 48227 |a Arxiu |b Arxiu |d 2016-12-01 |l 0 |o L-1-371 |p 13226 |r 2016-12-01 00:00:00 |w 2016-12-01 |y ARXIU | ||
| 999 | |c 52033 |d 52033 | ||